<?xml version="1.0" encoding="UTF-8"?>
<record
    xmlns:xsi="http://www.w3.org/2001/XMLSchema-instance"
    xsi:schemaLocation="http://www.loc.gov/MARC21/slim http://www.loc.gov/standards/marcxml/schema/MARC21slim.xsd"
    xmlns="http://www.loc.gov/MARC21/slim">

  <leader>00987nam a2200229 i 4500</leader>
  <controlfield tag="001">43235</controlfield>
  <controlfield tag="003">ES-MaACL</controlfield>
  <controlfield tag="005">20240224062531.0</controlfield>
  <controlfield tag="007">t|</controlfield>
  <controlfield tag="008">030317s1916    sp           |||| | spa d</controlfield>
  <datafield tag="100" ind1="1" ind2=" ">
    <subfield code="a">Cervantes Saavedra, Miguel de,</subfield>
    <subfield code="d">1547-1616</subfield>
    <subfield code="9">226514</subfield>
  </datafield>
  <datafield tag="240" ind1="0" ind2="0">
    <subfield code="a">Novelas ejemplares</subfield>
  </datafield>
  <datafield tag="245" ind1="1" ind2="0">
    <subfield code="a">Novelas ejemplares / </subfield>
    <subfield code="c">de Miguel de Cervantes Saavedra ; edici&#xF3;n de la Real Academia Hispano Americana de C&#xE1;diz ; pr&#xF3;logo de Blanca de los R&#xED;os.</subfield>
  </datafield>
  <datafield tag="260" ind1=" " ind2=" ">
    <subfield code="a">C&#xE1;diz : </subfield>
    <subfield code="b">Real Academia Hispanoamericana de C&#xE1;diz, </subfield>
    <subfield code="c">1916 (</subfield>
    <subfield code="f">Imp. de Manuel &#xC1;lvarez)</subfield>
  </datafield>
  <datafield tag="300" ind1=" " ind2=" ">
    <subfield code="a">XXI p., 5 h. (facs&#xED;miles de firmas), 448 p ; </subfield>
    <subfield code="c">23 cm.</subfield>
  </datafield>
  <datafield tag="500" ind1=" " ind2=" ">
    <subfield code="a">Port. filda., con el &#xFA;ltimo ret. de Cervantes, tit. a 2 tintas, ex&#xBA; de la Academia al fin en rojo.</subfield>
  </datafield>
  <datafield tag="700" ind1="1" ind2=" ">
    <subfield code="a">R&#xED;os, Blanca de los,</subfield>
    <subfield code="d">1859-1956</subfield>
    <subfield code="9">97357</subfield>
  </datafield>
  <datafield tag="710" ind1="2" ind2=" ">
    <subfield code="a">Real Academia Hispanoamericana (C&#xE1;diz)</subfield>
    <subfield code="9">6343</subfield>
  </datafield>
  <datafield tag="852" ind1=" " ind2=" ">
    <subfield code="a">ES-MaACL</subfield>
    <subfield code="j">B-1620 </subfield>
    <subfield code="x">Ejemplar n. 93, de una tirada de 300</subfield>
  </datafield>
  <datafield tag="942" ind1=" " ind2=" ">
    <subfield code="2">udc</subfield>
  </datafield>
  <datafield tag="999" ind1=" " ind2=" ">
    <subfield code="c">43235</subfield>
    <subfield code="d">43235</subfield>
  </datafield>
  <datafield tag="952" ind1=" " ind2=" ">
    <subfield code="0">0</subfield>
    <subfield code="1">0</subfield>
    <subfield code="4">0</subfield>
    <subfield code="7">0</subfield>
    <subfield code="a">ATENEOM</subfield>
    <subfield code="b">ATENEOM</subfield>
    <subfield code="c">SPB</subfield>
    <subfield code="d">2008-01-17</subfield>
    <subfield code="e">SC</subfield>
    <subfield code="l">0</subfield>
    <subfield code="o">B-1620</subfield>
    <subfield code="p">1045511</subfield>
    <subfield code="r">2023-02-23 00:00:00</subfield>
    <subfield code="w">2023-02-23</subfield>
    <subfield code="y">MONOGRAFIA</subfield>
  </datafield>
</record>
